Toutes les gares ferroviaires dans le Morbihan - Statistiques

Statistiques générales
  • Ce quiz a été pris 29 fois
  • Le résultat moyen est 7 sur 19
Statistiques - réponses
Fréquentation annuelle Nom de la gare % Correct
2 313 942 Vannes
100%
2 066 021 Lorient Bretagne Sud
93%
1 317 309 Auray
89%
192 338 Hennebont
68%
151 000 Quiberon
64%
350 119 Questembert
54%
12 421 Saint-Pierre-Quiberon
32%
87 304 Malansac
25%
32 866 Sainte-Anne
25%
82 973 Landévant
18%
905 L'Isthme
18%
3 997 Penthièvre
18%
1 184 Les Sables Blancs
14%
14 556 Plouharnel - Carnac
14%
18 657 Brandérion
11%
4 508 Belz - Ploemel
7%
20 844 Gestel
7%
4 616 Kerhostin
7%
43 329 Landaul - Mendon
0%
Aucun quiz correspondant
Distribution des résultats
% des personnes avec chaque résultat
Percentile par nombre de réponses
Votre historique - résultats
Vous n’avez pas pris ce quiz